[Event "Moscow Open F"]
[Site "?"]
[Date "2017.02.04"]
[Round "9.1"]
[White "Nikologorskiy, Konstantin"]
[Black "Tekeyev, Zaur"]
[Result "0-1"]
[BlackElo "2357"]
[WhiteElo "2416"]
[LiveChessVersion "1.4.8"]

1. d4 {[%clk 1:30:55]} Nf6 {[%clk 1:25:23]} 2. c4 {[%clk 1:31:24]} g6
{[%clk 1:25:47]} 3. Nc3 {[%clk 1:31:49]} Bg7 {[%clk 1:26:01]} 4. e4
{[%clk 1:32:14]} O-O {[%clk 1:26:24]} 5. Nf3 {[%clk 1:32:37]} d6 {[%clk 1:26:49]}
6. h3 {[%clk 1:33:03]} e5 {[%clk 1:26:51]} 7. d5 {[%clk 1:32:47]} Nh5
{[%clk 1:27:08]} 8. g3 {[%clk 1:32:35]} Na6 {[%clk 1:27:24]} 9. Be3
{[%clk 1:32:19]} f5 {[%clk 1:22:32]} 10. exf5 {[%clk 1:32:03]} gxf5
{[%clk 1:22:34]} 11. Ng5 {[%clk 1:31:07]} Nf6 {[%clk 1:20:23]} 12. Qd2
{[%clk 1:31:07]} Nc5 {[%clk 0:52:59]} 13. O-O-O {[%clk 1:30:46]} h6
{[%clk 0:51:42]} 14. Nf3 {[%clk 1:30:38]} Nfe4 {[%clk 0:51:53]} 15. Nxe4
{[%clk 1:31:01]} Nxe4 {[%clk 0:52:18]} 16. Qc2 {[%clk 1:31:26]} c6
{[%clk 0:51:00]} 17. dxc6 {[%clk 1:13:20]} bxc6 {[%clk 0:51:06]} 18. Nd2
{[%clk 1:13:46]} Nf6 {[%clk 0:47:48]} 19. f4 {[%clk 1:12:16]} Qe8
{[%clk 0:32:21]} 20. Nb3 {[%clk 1:07:28]} a5 {[%clk 0:27:02]} 21. fxe5
{[%clk 0:58:42]} a4 {[%clk 0:21:36]} 22. Nd4 {[%clk 0:59:07]} dxe5
{[%clk 0:21:02]} 23. Nxf5 {[%clk 0:53:21]} Bxf5 {[%clk 0:12:21]} 24. Qxf5
{[%clk 0:53:49]} a3 {[%clk 0:08:27]} 25. Qc2 {[%clk 0:51:21]} axb2+
{[%clk 0:07:53]} 26. Qxb2 {[%clk 0:51:50]} Qg6 {[%clk 0:07:08]} 27. Rd3
{[%clk 0:38:37]} Nd5 {[%clk 0:04:37]} 28. Qd2 {[%clk 0:21:21]} Qe4
{[%clk 0:04:13]} 29. Rg1 {[%clk 0:20:39]} Qxc4+ {[%clk 0:03:41]} 30. Qc2
{[%clk 0:21:08]} Nxe3 {[%clk 0:03:58]} 31. Qxc4+ {[%clk 0:19:53]} Nxc4
{[%clk 0:04:27]} 32. Rc3 {[%clk 0:20:04]} Nd6 {[%clk 0:03:38]} 33. Rxc6
{[%clk 0:20:12]} Rxa2 {[%clk 0:03:25]} 34. Rxd6 {[%clk 0:20:26]} Ra1+
{[%clk 0:03:47]} 35. Kd2 {[%clk 0:20:47]} Raxf1 {[%clk 0:04:12]} 36. Rxf1
{[%clk 0:21:13]} Rxf1 {[%clk 0:04:36]} 37. Ke3 {[%clk 0:21:23]} Ra1
{[%clk 0:04:16]} 38. Rd3 {[%clk 0:19:14]} Ra4 {[%clk 0:04:37]} 39. h4
{[%clk 0:18:48]} h5 {[%clk 0:04:41]} 40. Rd5 {[%clk 0:18:10]} Ra3+
{[%clk 0:04:37]} 41. Ke4 {[%clk 0:18:00]} Rxg3 {[%clk 0:04:53]} 42. Kf5
{[%clk 0:18:27]} Kh7 {[%clk 0:05:07]} 43. Rd1 {[%clk 0:17:21]} Rg4
{[%clk 0:05:32]} 44. Rh1 {[%clk 0:17:47]} Kh6 {[%clk 0:05:59]} 45. Rh3
{[%clk 0:17:51]} Rf4+ {[%clk 0:06:17]} 46. Ke6 {[%clk 0:18:20]} Kg6
{[%clk 0:06:00]} 47. Rh1 {[%clk 0:18:22]} Rg4 {[%clk 0:06:01]} 48. Rh3
{[%clk 0:18:28]} e4 {[%clk 0:06:02]} 49. Rh2 {[%clk 0:18:04]} e3 {[%clk 0:06:21]}
0-1

[Event "Moscow Open F"]
[Site "?"]
[Date "2017.02.04"]
[Round "9.2"]
[White "Kezin, Roman"]
[Black "Vakhlamov, Igor L."]
[Result "1/2-1/2"]
[BlackElo "2405"]
[WhiteElo "2439"]
[LiveChessVersion "1.4.8"]

1. d4 Nf6 2. c4 e6 3. g3 d5 4. Nf3 Bb4+ 5. Bd2 Be7 6. Bg2 O-O 7. O-O Nbd7 8. Qc2
Ne4 9. Bf4 c6 10. Nc3 g5 11. Be3 Nd6 12. cxd5 exd5 13. Qc1 h6 14. h4 f6 15. Na4
Nb6 16. Nc5 Nbc4 17. b3 Nxe3 18. Qxe3 Nf5 19. Qd3 Qe8 20. Rae1 gxh4 21. e4 dxe4
22. Qxe4 Qf7 23. Nxh4 Nxh4 24. Qxh4 Kg7 25. Re3 Bxc5 26. dxc5 Bf5 27. Qf4 Bg6 28.
Rd1 Rae8 29. Rxe8 Rxe8 30. Bf3 Re5 31. Qb4 Qe7 32. Rd6 Be4 33. Bg4 Rd5 34. Kh2 a5
35. Qe1 f5 36. Rxd5 cxd5 37. Bh5 Qg5 38. Qc3+ Kh7 39. Be2 f4 40. Qxa5 fxg3+ 41.
fxg3 Qe3 42. Qc7+ Kg6 43. Qd6+ Kh7 44. Qe7+ Kg6 45. Qe6+ Kg7 46. Qe5+ Kh7 47.
Qe7+ Kg6 48. Qe6+ Kg7 49. Qe5+ Kh7 50. Qe7+ Kg6 51. Qd7 Kh7 1/2-1/2

[Event "Moscow Open F"]
[Site "?"]
[Date "2017.02.04"]
[Round "9.3"]
[White "Shapkin, Anatoliy"]
[Black "Bernadskiy, Vitaliy"]
[Result "1/2-1/2"]
[BlackElo "2540"]
[WhiteElo "2266"]
[LiveChessVersion "1.4.8"]

1. e4 {[%clk 1:30:57]} c5 {[%clk 1:24:30]} 2. Nf3 {[%clk 1:31:16]} d6
{[%clk 1:24:53]} 3. d4 {[%clk 1:31:42]} cxd4 {[%clk 1:25:19]} 4. Nxd4
{[%clk 1:32:10]} Nf6 {[%clk 1:25:42]} 5. Nc3 {[%clk 1:32:37]} g6 {[%clk 1:25:58]}
6. Be2 {[%clk 1:32:07]} Bg7 {[%clk 1:26:17]} 7. O-O {[%clk 1:32:26]} O-O
{[%clk 1:26:38]} 8. Be3 {[%clk 1:32:51]} Nc6 {[%clk 1:26:17]} 9. Nb3
{[%clk 1:32:01]} Be6 {[%clk 1:21:42]} 10. f4 {[%clk 1:26:26]} Na5
{[%clk 1:08:21]} 11. f5 {[%clk 0:51:40]} Bd7 {[%clk 1:07:10]} 12. fxg6
{[%clk 0:50:51]} hxg6 {[%clk 1:07:01]} 13. e5 {[%clk 0:49:53]} Ne8
{[%clk 1:06:58]} 14. Nxa5 {[%clk 0:49:26]} Qxa5 {[%clk 1:07:14]} 15. Nd5
{[%clk 0:49:48]} Bxe5 {[%clk 1:05:50]} 16. Nxe7+ {[%clk 0:50:03]} Kg7
{[%clk 1:06:15]} 17. Bc4 {[%clk 0:46:00]} Nf6 {[%clk 1:04:38]} 18. Qd3
{[%clk 0:33:34]} Rae8 {[%clk 0:58:04]} 19. Nd5 {[%clk 0:20:06]} Nxd5
{[%clk 0:53:43]} 20. Bxd5 {[%clk 0:20:26]} Bc6 {[%clk 0:52:13]} 21. Bxc6
{[%clk 0:19:09]} bxc6 {[%clk 0:52:37]} 22. c3 {[%clk 0:18:59]} Rh8
{[%clk 0:50:31]} 23. h3 {[%clk 0:19:01]} Re6 {[%clk 0:48:20]} 24. Rf3
{[%clk 0:16:49]} Rhe8 {[%clk 0:34:49]} 25. Raf1 {[%clk 0:15:03]} R8e7
{[%clk 0:33:40]} 26. a3 {[%clk 0:15:12]} Qb5 {[%clk 0:32:36]} 27. Qc2
{[%clk 0:12:52]} f5 {[%clk 0:28:15]} 28. Qf2 {[%clk 0:11:51]} Qc4
{[%clk 0:26:37]} 29. g4 {[%clk 0:11:48]} Rf7 {[%clk 0:23:24]} 30. gxf5
{[%clk 0:10:11]} gxf5 {[%clk 0:21:15]} 31. Kh1 {[%clk 0:08:15]} Rg6
{[%clk 0:19:26]} 32. Bd4 {[%clk 0:08:07]} Qd5 {[%clk 0:18:02]} 33. Rg1
{[%clk 0:08:00]} Rff6 {[%clk 0:14:49]} 34. Bxe5 {[%clk 0:06:18]} dxe5
{[%clk 0:12:35]} 35. Kh2 {[%clk 0:06:00]} f4 {[%clk 0:11:22]} 36. Qxa7+
{[%clk 0:05:17]} Kh6 {[%clk 0:09:22]} 37. Qf2 {[%clk 0:05:34]} Rxg1
{[%clk 0:08:26]} 38. Kxg1 {[%clk 0:06:02]} e4 {[%clk 0:07:54]} 39. Qh4+
{[%clk 0:05:28]} Kg7 {[%clk 0:07:17]} 40. Rf1 {[%clk 0:03:59]} Rg6+
{[%clk 0:04:35]} 41. Kh2 {[%clk 0:04:27]} f3 {[%clk 0:04:02]} 42. Qe7+
{[%clk 0:04:45]} Kg8 {[%clk 0:04:30]} 43. Qe8+ {[%clk 0:02:02]} Kh7
{[%clk 0:04:58]} 44. Qe7+ {[%clk 0:02:27]} Rg7 {[%clk 0:05:22]} 45. Qh4+
{[%clk 0:02:36]} Kg8 {[%clk 0:05:50]} 46. Qf4 {[%clk 0:01:50]} Qd3
{[%clk 0:05:42]} 1/2-1/2

[Event "Moscow Open F"]
[Site "?"]
[Date "2017.02.04"]
[Round "9.4"]
[White "Ivlev, Aleksey"]
[Black "Fotin, Vladimir"]
[Result "0-1"]
[BlackElo "2315"]
[WhiteElo "2259"]
[LiveChessVersion "1.4.8"]

1. d4 {[%clk 1:23:36]} e6 {[%clk 1:29:48]} 2. c4 {[%clk 1:23:55]} Bb4+
{[%clk 1:29:44]} 3. Bd2 {[%clk 1:21:28]} a5 {[%clk 1:30:09]} 4. Nf3
{[%clk 1:21:17]} d5 {[%clk 1:30:20]} 5. g3 {[%clk 1:20:01]} dxc4 {[%clk 1:30:10]}
6. Bg2 {[%clk 1:19:20]} Nc6 {[%clk 1:30:24]} 7. a3 {[%clk 1:17:57]} Bxd2+
{[%clk 1:25:46]} 8. Nbxd2 {[%clk 1:14:19]} Nxd4 {[%clk 1:24:03]} 9. O-O
{[%clk 1:13:34]} Nxf3+ {[%clk 1:17:06]} 10. Bxf3 {[%clk 1:13:49]} Ne7
{[%clk 1:11:54]} 11. Nxc4 {[%clk 1:13:29]} Qxd1 {[%clk 1:09:10]} 12. Rfxd1
{[%clk 1:13:47]} a4 {[%clk 1:05:02]} 13. Rac1 {[%clk 1:11:26]} Ra7
{[%clk 1:01:19]} 14. Ne5 {[%clk 1:03:25]} f6 {[%clk 0:59:53]} 15. Rxc7
{[%clk 0:53:55]} fxe5 {[%clk 0:57:21]} 16. Bc6+ {[%clk 0:54:16]} Kf7
{[%clk 0:56:20]} 17. Rd3 {[%clk 0:52:53]} e4 {[%clk 0:36:54]} 18. Bxe4
{[%clk 0:52:56]} Ra8 {[%clk 0:35:58]} 19. Bxb7 {[%clk 0:42:48]} Bxb7
{[%clk 0:30:16]} 20. Rdd7 {[%clk 0:42:37]} Bd5 {[%clk 0:25:17]} 21. Rxe7+
{[%clk 0:43:01]} Kf6 {[%clk 0:25:45]} 22. Rxg7 {[%clk 0:40:16]} Rab8
{[%clk 0:22:34]} 23. f4 {[%clk 0:30:21]} Rhf8 {[%clk 0:18:22]} 24. Rxh7
{[%clk 0:28:09]} Rxb2 {[%clk 0:17:45]} 25. g4 {[%clk 0:27:15]} Kg6
{[%clk 0:13:12]} 26. Rhg7+ {[%clk 0:26:12]} Kh6 {[%clk 0:12:59]} 27. Rh7+
{[%clk 0:24:48]} Kg6 {[%clk 0:12:56]} 28. Rcg7+ {[%clk 0:25:03]} Kf6
{[%clk 0:13:20]} 29. Ra7 {[%clk 0:23:00]} Kg6 {[%clk 0:13:01]} 30. Rag7+
{[%clk 0:21:22]} Kf6 {[%clk 0:13:28]} 31. Rd7 {[%clk 0:20:10]} Kg6
{[%clk 0:11:49]} 32. Rhg7+ {[%clk 0:19:25]} Kh6 {[%clk 0:11:08]} 33. Rh7+
{[%clk 0:16:33]} Kg6 {[%clk 0:11:31]} 34. Rdg7+ {[%clk 0:16:40]} Kf6
{[%clk 0:11:57]} 35. Ra7 {[%clk 0:16:33]} Kg6 {[%clk 0:12:15]} 36. Rhg7+
{[%clk 0:16:33]} Kh6 {[%clk 0:12:29]} 37. Rh7+ {[%clk 0:16:55]} Kg6
{[%clk 0:12:56]} 38. Rhg7+ {[%clk 0:17:20]} Kh6 {[%clk 0:13:23]} 39. Rh7+
{[%clk 0:17:44]} Kg6 {[%clk 0:13:49]} 40. Rhg7+ {[%clk 0:18:10]} Kh6
{[%clk 0:14:14]} 41. Rh7+ {[%clk 0:18:34]} 0-1

[Event "Moscow Open F"]
[Site "?"]
[Date "2017.02.04"]
[Round "9.5"]
[White "Taalaibekov, Tagir"]
[Black "Mokshanov, Alexey"]
[Result "1-0"]
[BlackElo "2413"]
[WhiteElo "2173"]
[LiveChessVersion "1.4.8"]

1. d4 {[%clk 1:27:14]} d5 {[%clk 1:30:56]} 2. Nf3 {[%clk 1:26:19]} Nf6
{[%clk 1:31:22]} 3. Bf4 {[%clk 1:26:30]} g6 {[%clk 1:30:26]} 4. Nc3
{[%clk 1:26:44]} Bg7 {[%clk 1:30:13]} 5. e3 {[%clk 1:27:05]} O-O {[%clk 1:23:01]}
6. Be2 {[%clk 1:27:29]} c5 {[%clk 1:21:15]} 7. Ne5 {[%clk 1:20:39]} cxd4
{[%clk 1:18:06]} 8. exd4 {[%clk 1:21:03]} Nc6 {[%clk 1:18:32]} 9. Nxc6
{[%clk 1:13:57]} bxc6 {[%clk 1:18:52]} 10. O-O {[%clk 1:13:42]} Bf5
{[%clk 1:18:36]} 11. Na4 {[%clk 1:08:52]} Nd7 {[%clk 1:17:39]} 12. c3
{[%clk 1:03:37]} f6 {[%clk 1:11:25]} 13. Bg3 {[%clk 0:56:10]} e5 {[%clk 1:05:50]}
14. Rc1 {[%clk 0:53:16]} Bh6 {[%clk 0:57:38]} 15. Ra1 {[%clk 0:53:36]} Be6
{[%clk 0:55:38]} 16. f4 {[%clk 0:50:44]} e4 {[%clk 0:50:40]} 17. b4
{[%clk 0:49:33]} f5 {[%clk 0:49:59]} 18. Ba6 {[%clk 0:41:43]} Rb8
{[%clk 0:47:40]} 19. Qe2 {[%clk 0:40:35]} Nb6 {[%clk 0:46:19]} 20. Qc2
{[%clk 0:37:03]} Nd7 {[%clk 0:43:49]} 21. Rab1 {[%clk 0:31:13]} Bg7
{[%clk 0:42:13]} 22. Bf2 {[%clk 0:21:37]} h6 {[%clk 0:36:32]} 23. Be3
{[%clk 0:22:00]} Bf6 {[%clk 0:36:16]} 24. Rfd1 {[%clk 0:19:26]} Bf7
{[%clk 0:34:33]} 25. Be2 {[%clk 0:16:55]} Be7 {[%clk 0:31:50]} 26. a3
{[%clk 0:16:34]} Kh7 {[%clk 0:31:49]} 27. Nc5 {[%clk 0:14:29]} Nb6
{[%clk 0:31:02]} 28. a4 {[%clk 0:12:50]} Bd6 {[%clk 0:29:42]} 29. b5
{[%clk 0:08:14]} cxb5 {[%clk 0:25:15]} 30. Rxb5 {[%clk 0:08:35]} Qc8
{[%clk 0:12:45]} 31. Rdb1 {[%clk 0:05:26]} Be8 {[%clk 0:11:56]} 32. R5b4
{[%clk 0:05:46]} Bc6 {[%clk 0:09:57]} 33. a5 {[%clk 0:04:08]} Nd7
{[%clk 0:09:52]} 34. Rxb8 {[%clk 0:03:02]} Nxb8 {[%clk 0:09:52]} 35. c4
{[%clk 0:03:18]} Rd8 {[%clk 0:07:57]} 36. cxd5 {[%clk 0:03:13]} Bxd5
{[%clk 0:07:58]} 37. Bc4 {[%clk 0:03:41]} Bxc5 {[%clk 0:06:37]} 38. dxc5
{[%clk 0:03:59]} Nc6 {[%clk 0:06:49]} 39. a6 {[%clk 0:02:44]} Qe6
{[%clk 0:05:47]} 40. Rb7+ {[%clk 0:02:58]} Rd7 {[%clk 0:06:04]} 41. Bb5
{[%clk 0:02:40]} Qf7 {[%clk 0:05:22]} 42. Rxd7 {[%clk 0:01:27]} Qxd7
{[%clk 0:05:50]} 43. Qa4 {[%clk 0:01:28]} Qe6 {[%clk 0:05:35]} 44. h3
{[%clk 0:00:57]} Qf6 {[%clk 0:05:48]} 45. Qd1 {[%clk 0:00:54]} Qe6
{[%clk 0:04:42]} 46. Bc1 {[%clk 0:01:23]} e3 {[%clk 0:04:28]} 47. Qd3
{[%clk 0:01:52]} Be4 {[%clk 0:04:08]} 48. Qxe3 {[%clk 0:01:22]} Qa2
{[%clk 0:03:52]} 49. Qd2 {[%clk 0:01:06]} Qb1 {[%clk 0:04:15]} 50. Qb2
{[%clk 0:00:52]} 1-0

[Event "Moscow Open F"]
[Site "?"]
[Date "2017.02.04"]
[Round "9.6"]
[White "Vaseptsov, Maxim"]
[Black "Zhileykin, Andrey"]
[Result "1-0"]
[BlackElo "2259"]
[WhiteElo "2348"]
[LiveChessVersion "1.4.8"]

1. e4 {[%clk 1:24:49]} c5 {[%clk 1:30:58]} 2. a3 {[%clk 1:23:05]} g6
{[%clk 1:31:23]} 3. b4 {[%clk 1:21:36]} Bg7 {[%clk 1:31:49]} 4. c3
{[%clk 1:21:15]} d5 {[%clk 1:29:41]} 5. exd5 {[%clk 1:19:47]} Qxd5
{[%clk 1:29:04]} 6. Nf3 {[%clk 1:20:10]} Nc6 {[%clk 1:27:46]} 7. Be2
{[%clk 1:19:37]} e5 {[%clk 1:26:03]} 8. Bb2 {[%clk 1:16:30]} a6 {[%clk 1:25:40]}
9. O-O {[%clk 1:15:25]} Nge7 {[%clk 1:26:01]} 10. bxc5 {[%clk 0:58:58]} Qxc5
{[%clk 1:23:02]} 11. d4 {[%clk 0:57:55]} exd4 {[%clk 1:18:33]} 12. cxd4
{[%clk 0:58:09]} Qb6 {[%clk 1:18:57]} 13. Nbd2 {[%clk 0:57:20]} O-O
{[%clk 1:17:14]} 14. Nc4 {[%clk 0:47:38]} Qa7 {[%clk 1:14:13]} 15. Nce5
{[%clk 0:37:44]} Be6 {[%clk 1:07:14]} 16. Qd2 {[%clk 0:30:52]} Rad8
{[%clk 0:45:12]} 17. Qf4 {[%clk 0:28:01]} Nf5 {[%clk 0:45:02]} 18. Rad1
{[%clk 0:21:51]} Bb3 {[%clk 0:41:22]} 19. g4 {[%clk 0:09:36]} Bxd1
{[%clk 0:39:10]} 20. Rxd1 {[%clk 0:09:11]} Nfe7 {[%clk 0:33:33]} 21. Bc4
{[%clk 0:07:57]} Nd5 {[%clk 0:23:18]} 22. Qe4 {[%clk 0:07:12]} Nxe5
{[%clk 0:22:01]} 23. Nxe5 {[%clk 0:06:49]} Bxe5 {[%clk 0:22:20]} 24. dxe5
{[%clk 0:05:43]} Nc3 {[%clk 0:22:29]} 25. Bxc3 {[%clk 0:06:01]} Rxd1+
{[%clk 0:22:55]} 26. Kg2 {[%clk 0:06:26]} b5 {[%clk 0:23:07]} 27. Bb3
{[%clk 0:04:16]} Qc5 {[%clk 0:16:23]} 28. Qf3 {[%clk 0:03:31]} Rd4
{[%clk 0:14:08]} 29. e6 {[%clk 0:02:08]} Rxg4+ {[%clk 0:13:34]} 30. Kf1
{[%clk 0:01:54]} f5 {[%clk 0:01:40]} 31. e7+ {[%clk 0:01:45]} Rc4
{[%clk 0:02:07]} 32. Bb4 {[%clk 0:01:34]} 1-0

[Event "Moscow Open F"]
[Site "?"]
[Date "2017.02.04"]
[Round "9.7"]
[White "Dzhaumutbaev, Erzhan"]
[Black "Bryakin, Mikhail"]
[Result "0-1"]
[BlackElo "2333"]
[WhiteElo "2148"]
[LiveChessVersion "1.4.8"]

1. e4 {[%clk 1:15:24]} c6 {[%clk 1:30:52]} 2. d4 {[%clk 1:15:47]} d5
{[%clk 1:31:15]} 3. Nc3 {[%clk 1:15:59]} dxe4 {[%clk 1:31:36]} 4. Nxe4
{[%clk 1:16:27]} Nf6 {[%clk 1:32:02]} 5. Nxf6+ {[%clk 1:12:22]} gxf6
{[%clk 1:32:29]} 6. g3 {[%clk 1:12:15]} h5 {[%clk 1:32:45]} 7. Bg2
{[%clk 1:07:44]} h4 {[%clk 1:33:00]} 8. Qd3 {[%clk 1:07:06]} hxg3
{[%clk 1:32:21]} 9. hxg3 {[%clk 1:07:28]} Rxh1 {[%clk 1:32:44]} 10. Bxh1
{[%clk 1:07:57]} e5 {[%clk 1:31:10]} 11. Be3 {[%clk 1:04:51]} Be6
{[%clk 1:29:55]} 12. c4 {[%clk 1:01:35]} Bb4+ {[%clk 1:26:32]} 13. Ke2
{[%clk 0:59:40]} exd4 {[%clk 1:24:55]} 14. Bxd4 {[%clk 0:59:28]} Nd7
{[%clk 1:22:54]} 15. b3 {[%clk 0:53:29]} Qe7 {[%clk 1:20:15]} 16. Kf1
{[%clk 0:53:01]} O-O-O {[%clk 1:20:20]} 17. Qe3 {[%clk 0:49:31]} Ne5
{[%clk 1:17:22]} 18. Ne2 {[%clk 0:41:51]} Ng4 {[%clk 1:06:09]} 19. Qf4
{[%clk 0:36:29]} Bd6 {[%clk 1:04:10]} 20. Qe4 {[%clk 0:34:31]} f5
{[%clk 0:59:32]} 21. Qc2 {[%clk 0:20:31]} f4 {[%clk 0:58:41]} 22. c5
{[%clk 0:13:45]} Bc7 {[%clk 0:58:30]} 23. Qc3 {[%clk 0:12:50]} fxg3
{[%clk 0:56:24]} 24. fxg3 {[%clk 0:12:03]} Bd5 {[%clk 0:56:06]} 25. Bxd5
{[%clk 0:09:42]} Rxd5 {[%clk 0:56:29]} 26. Qd3 {[%clk 0:03:00]} Qe6
{[%clk 0:46:08]} 27. Rd1 {[%clk 0:01:03]} Ne3+ {[%clk 0:42:20]} 28. Kf2
{[%clk 0:00:36]} Nxd1+ {[%clk 0:41:56]} 29. Qxd1 {[%clk 0:01:05]} Be5
{[%clk 0:41:28]} 30. Qd3 {[%clk 0:01:03]} Qg4 {[%clk 0:40:33]} 31. Ke3
{[%clk 0:00:52]} Bxd4+ {[%clk 0:40:45]} 32. Nxd4 {[%clk 0:01:20]} Qxg3+
{[%clk 0:40:56]} 33. Kd2 {[%clk 0:01:41]} Qxd3+ {[%clk 0:40:58]} 0-1

[Event "Moscow Open F"]
[Site "?"]
[Date "2017.02.04"]
[Round "9.8"]
[White "Mamatov, Melis"]
[Black "Samusenko, Maksim"]
[Result "1-0"]
[BlackElo "2333"]
[WhiteElo "2168"]
[LiveChessVersion "1.4.8"]

1. Nf3 Nf6 2. d4 d6 3. Bf4 Bg4 4. h3 Bh5 5. c3 c6 6. Nbd2 Nbd7 7. Bh2 Qc7 8. e3
e5 9. Qc2 Be7 10. dxe5 dxe5 11. Nc4 Bxf3 12. gxf3 b5 13. Nd2 Qa5 14. Bg2 O-O 15.
f4 exf4 16. Bxf4 Nd5 17. Bg3 f5 18. Nb3 Qa4 19. Qd3 Kh8 20. Nd4 f4 21. exf4 Nc5
22. Qd2 Bd6 23. O-O Bxf4 24. Qd1 Qa6 25. Nxc6 Bxg3 26. Qxd5 Qb6 27. fxg3 Rfe8 28.
Kh2 Rac8 29. Rae1 {[%clk 0:19:34]} 1-0

[Event "Moscow Open F"]
[Site "?"]
[Date "2017.02.04"]
[Round "9.9"]
[White "Lojko, Alexej"]
[Black "Badalyan, Shavarsh"]
[Result "0-1"]
[BlackElo "2107"]
[WhiteElo "2273"]
[LiveChessVersion "1.4.8"]

1. d4 {[%clk 1:30:58]} Nf6 {[%clk 1:28:29]} 2. Bg5 {[%clk 1:31:22]} Ne4
{[%clk 1:28:46]} 3. Bf4 {[%clk 1:31:50]} c5 {[%clk 1:29:07]} 4. f3
{[%clk 1:32:13]} Qa5+ {[%clk 1:29:31]} 5. c3 {[%clk 1:32:40]} Nf6
{[%clk 1:29:57]} 6. Nd2 {[%clk 1:32:12]} cxd4 {[%clk 1:29:50]} 7. Nb3
{[%clk 1:32:33]} Qd8 {[%clk 1:28:45]} 8. cxd4 {[%clk 1:31:48]} d5
{[%clk 1:29:10]} 9. e3 {[%clk 1:23:42]} Nc6 {[%clk 1:27:56]} 10. Bd3
{[%clk 1:16:45]} e6 {[%clk 1:25:23]} 11. g4 {[%clk 0:50:21]} Nd7 {[%clk 1:11:23]}
12. a3 {[%clk 0:31:06]} h5 {[%clk 1:03:35]} 13. g5 {[%clk 0:22:40]} e5
{[%clk 1:03:27]} 14. dxe5 {[%clk 0:21:44]} Ndxe5 {[%clk 1:03:43]} 15. Kf2
{[%clk 0:04:39]} Be7 {[%clk 0:49:52]} 16. h4 {[%clk 0:03:43]} Qb6
{[%clk 0:47:33]} 17. Ne2 {[%clk 0:03:30]} Nc4 {[%clk 0:46:05]} 18. Qc2
{[%clk 0:01:19]} N6e5 {[%clk 0:42:37]} 19. Bxc4 {[%clk 0:00:36]} Nxc4
{[%clk 0:42:33]} 20. Rab1 {[%clk 0:00:34]} Bd7 {[%clk 0:38:48]} 21. Nbd4
{[%clk 0:00:42]} Rc8 {[%clk 0:38:50]} 22. Qd3 {[%clk 0:00:33]} O-O
{[%clk 0:33:07]} 23. b4 {[%clk 0:00:36]} Rfd8 {[%clk 0:27:37]} 24. Rhc1
{[%clk 0:00:37]} Bd6 {[%clk 0:25:14]} 25. Rc3 {[%clk 0:00:33]} Re8
{[%clk 0:24:57]} 26. Nc2 {[%clk 0:00:34]} Ba4 {[%clk 0:19:15]} 27. Ncd4
{[%clk 0:00:32]} Rcd8 {[%clk 0:16:17]} 28. Re1 {[%clk 0:00:34]} Bxf4
{[%clk 0:14:35]} 29. Nxf4 {[%clk 0:01:02]} Qd6 {[%clk 0:14:53]} 30. g6
{[%clk 0:00:40]} f6 {[%clk 0:12:51]} 31. Nf5 {[%clk 0:00:33]} Qe5
{[%clk 0:12:48]} 32. Nxd5 {[%clk 0:00:31]} Qh2+ {[%clk 0:13:04]} 33. Kf1
{[%clk 0:00:53]} Nd2+ {[%clk 0:13:29]} 34. Qxd2 {[%clk 0:00:33]} Qxd2
{[%clk 0:13:57]} 0-1

[Event "Moscow Open F"]
[Site "?"]
[Date "2017.02.04"]
[Round "9.10"]
[White "Volodin, Ivan"]
[Black "Bochkov, Artem"]
[Result "1/2-1/2"]
[BlackElo "2056"]
[WhiteElo "2265"]
[LiveChessVersion "1.4.8"]

1. c4 {[%clk 1:30:57]} Nf6 {[%clk 1:29:36]} 2. Nc3 {[%clk 1:31:14]} e5
{[%clk 1:29:30]} 3. g3 {[%clk 1:31:27]} g6 {[%clk 1:28:10]} 4. Bg2
{[%clk 1:31:42]} Bg7 {[%clk 1:28:35]} 5. e4 {[%clk 1:31:34]} d6 {[%clk 1:28:48]}
6. Nge2 {[%clk 1:31:56]} O-O {[%clk 1:29:08]} 7. O-O {[%clk 1:32:19]} Nbd7
{[%clk 1:29:23]} 8. d3 {[%clk 1:32:40]} c6 {[%clk 1:28:50]} 9. h3
{[%clk 1:33:05]} a5 {[%clk 1:25:48]} 10. Be3 {[%clk 1:33:21]} Nc5
{[%clk 1:21:03]} 11. f4 {[%clk 1:33:26]} exf4 {[%clk 1:14:04]} 12. Nxf4
{[%clk 1:33:44]} Qe7 {[%clk 0:58:19]} 13. Qd2 {[%clk 1:33:13]} Nfd7
{[%clk 0:52:02]} 14. d4 {[%clk 1:20:33]} Ne6 {[%clk 0:52:20]} 15. Nfe2
{[%clk 1:12:11]} h5 {[%clk 0:39:40]} 16. Rad1 {[%clk 1:07:26]} c5
{[%clk 0:25:11]} 17. dxc5 {[%clk 0:53:32]} dxc5 {[%clk 0:25:39]} 18. Nd5
{[%clk 0:53:36]} Qd8 {[%clk 0:25:53]} 19. Bh6 {[%clk 0:53:24]} Ne5
{[%clk 0:24:25]} 20. Bxg7 {[%clk 0:48:45]} Kxg7 {[%clk 0:24:53]} 21. Qc3
{[%clk 0:48:07]} Qd6 {[%clk 0:25:21]} 22. Nf6 {[%clk 0:45:35]} Nd4
{[%clk 0:23:45]} 23. Nxd4 {[%clk 0:45:13]} cxd4 {[%clk 0:24:13]} 24. Rxd4
{[%clk 0:45:32]} Qb4 {[%clk 0:24:14]} 25. Nd5 {[%clk 0:18:28]} Qxc3
{[%clk 0:24:39]} 26. Nxc3 {[%clk 0:18:51]} Be6 {[%clk 0:24:54]} 27. b3
{[%clk 0:17:02]} Rfd8 {[%clk 0:13:04]} 28. Rfd1 {[%clk 0:11:08]} Rxd4
{[%clk 0:12:14]} 29. Rxd4 {[%clk 0:11:34]} Bxh3 {[%clk 0:12:39]} 30. Rd5
{[%clk 0:11:49]} Bxg2 {[%clk 0:13:06]} 31. Kxg2 {[%clk 0:09:09]} Kf6
{[%clk 0:09:22]} 32. Rb5 {[%clk 0:09:08]} Ra7 {[%clk 0:09:41]} 33. Nd5+
{[%clk 0:05:23]} Ke6 {[%clk 0:09:42]} 34. Nc7+ {[%clk 0:05:21]} Kf6
{[%clk 0:10:06]} 35. Nd5+ {[%clk 0:03:24]} Ke6 {[%clk 0:10:28]} 36. Nf4+
{[%clk 0:03:49]} Kf6 {[%clk 0:10:50]} 37. Kf2 {[%clk 0:03:47]} a4
{[%clk 0:10:24]} 38. Ke3 {[%clk 0:03:47]} axb3 {[%clk 0:08:41]} 39. axb3
{[%clk 0:04:16]} Nc6 {[%clk 0:07:48]} 40. Nd3 {[%clk 0:03:40]} g5
{[%clk 0:04:49]} 41. Nc5 {[%clk 0:03:04]} Ra5 {[%clk 0:03:23]} 42. Nxb7
{[%clk 0:02:45]} Rxb5 {[%clk 0:03:46]} 43. cxb5 {[%clk 0:03:15]} Na7
{[%clk 0:03:46]} 44. Nd6 {[%clk 0:03:34]} Ke6 {[%clk 0:04:04]} 45. b6
{[%clk 0:03:52]} Nc6 {[%clk 0:04:30]} 46. Nc4 {[%clk 0:04:13]} f5
{[%clk 0:04:26]} 47. e5 {[%clk 0:02:41]} Kd5 {[%clk 0:04:48]} 48. b7
{[%clk 0:02:27]} Nb8 {[%clk 0:03:13]} 49. b4 {[%clk 0:01:59]} Nc6
{[%clk 0:02:18]} 50. b5 {[%clk 0:01:02]} Nb8 {[%clk 0:02:35]} 51. Kf3
{[%clk 0:00:48]} Nd7 {[%clk 0:02:07]} 52. Kf2 {[%clk 0:00:51]} Nb8
{[%clk 0:02:34]} 53. Ke3 {[%clk 0:01:14]} Ke6 {[%clk 0:01:58]} 54. Kd4
{[%clk 0:01:09]} Nd7 {[%clk 0:00:45]} 55. Na5 {[%clk 0:01:10]} h4
{[%clk 0:01:08]} 56. gxh4 {[%clk 0:01:00]} gxh4 {[%clk 0:01:37]} 57. Ke3
{[%clk 0:00:55]} Kxe5 {[%clk 0:01:45]} 58. Nc6+ {[%clk 0:01:18]} Kd6
{[%clk 0:02:12]} 59. b8=Q+ {[%clk 0:01:33]} Nxb8 {[%clk 0:02:36]} 60. Nxb8
{[%clk 0:02:00]} Kc5 {[%clk 0:03:02]} 61. Nc6 {[%clk 0:02:19]} Kxb5
{[%clk 0:03:28]} 62. Ke4 1/2-1/2